000 00899 am a22002893u 4500
999 _c17878
_d17850
001 010954975
003 EG-ScBUE
005 20210517101726.0
008 700819s1970 enk f 000 1 eng d
020 _a0297000403
040 _aUk
_beng
_erda
_cUk
_dEG-ScBUE
082 0 4 _a813.52
_bBEL
_222
100 1 _aBellow, Saul,
_eauthor.
_934702
245 1 0 _aMr Sammler's planet /
_cSaul Bellow.
264 1 _aLondon :
_bWeidenfeld and Nicolson,
_c1970.
300 _a313 pages ;
_c21 cm
336 _2rdacontent
_atext
_btxt
337 _2rdamedia
_aunmediated
_bn
338 _2rdacarrier
_avolume
_bnc
650 7 _aHolocaust survivors
_xFiction.
_2BUEsh
_934703
650 7 _aEnglish fiction
_y20th century.
_2BUEsh
_99886
650 7 _aCity and town life
_vFiction.
_2BUEsh
_919500
651 _2BUEsh
653 _cDecember2013
_bHHUUEENN
655 _vReading book
_934232
942 _2ddc
_cBB
_k823 BEL